000 00910nam a22003017a 4500
001 BR8807022
003 BR-BrBNA
005 20230928093054.0
007 ta
008 230509b bl.||||| |||| 00| 0 por d
040 _aBR-BrBNA
_bpor
_cBiblioteca Nacional de Agricultura
041 _a(Por)
072 _aE13
_b/G514
090 _ E13 BR8807022
100 1 _aBrandao, I. de S.P.
100 1 _aTrevisan, A.
110 1 _aAssociacao de Credito e Assistencia Rural de Santa Catarina, Florianopolis (Brasil). Coordenacao de Credito Rural
_9433
245 1 _aPrograma de credito rural educativo 1986 [Santa Catarina]
260 3 _aFlorianopolis, SC (Brasil):
_c1986.
300 _a170 p.
500 _aNumerical data
650 _aCREDITO EDUCATIVO
650 _aCREDITO RURAL
650 _aRECURSO ECONOMICO
650 _aSANTA CATARINA
909 _a202309
_bLucia
_c55
_dLucia Elande
942 _cBK
999 _c42831
_d42831